000 00406nam a2200169Ia 4500
005 20260330112717.0
008 260330s9999||||xx |||||||||||||| ||und||
020 _a9789586155977
041 _aspa
100 _aVarios
245 0 _aMilenio Enciclopedia Tematica Del Estudiante /
_cVarios
250 _a1 ed.
260 _aBogota :
_bEducar.
300 _a1581
650 _aENCICLOPEDIA
942 _cBK
999 _c2223
_d2223